000 00212nam a22001097a 4500
100 _aVicky
245 _aGrandma's moral Stories
250 _a2014
260 _bRk educational
300 _a16
942 _2ddc
_cBK
999 _c11518
_d11518